Kırşehir ve yöresi ağızları : (Record no. 15677)

MARC details
000 -BAŞLIK
Sabit Uzunlukta Kontrol Alanı 00863nam a22002177a 4500
999 ## - SİSTEM KONTROL NUMARALARI (KOHA)
Koha Biblionumber 15677
Koha Biblioitemnumber 15677
003 - KONTROL NUMARASI IDENTIFIER
Denetim Alanı MIRAKIL
005 - SON İŞLEM TARİHİ VE ZAMANI
Denetim Alanı 20240320142956.0
008 - SABİT-BOY VERİ ELEMANLARI - GENEL BİLGİLER
Sabit Uzunlukta Kontrol Alanı 240320b tu ||||| |||| 00| 0 tur d
020 ## - ULUSLARARASI STANDART KİTAP NUMARASI
Uluslararası Standart Kitap Numarası 9789751744036
040 ## - KATALOGLAMA KAYNAK
Orijinal Kataloglama Ajansı TR-AnCHP
Metne Dönüştürmek Ajansı TR-AnCHP
041 ## - DİL KODU
Metin / Ses Parça Veya Ayrı Başlığın Dil Kodu tur
082 ## - DEWEY ONLU SINIFLANDIRMA NUMARASI
Sınıflandırma Numarası 411.4
Ürün Numarası G95k 2019
100 ## - ANA GİRİŞ - KİŞİSEL İSİM
Kişisel Ad Günşen, Ahmet
245 10 - BAŞLIK TABLOSU
Başlık Kırşehir ve yöresi ağızları :
Başlığın Kalan inceleme-metinler-sözlük /
Sorumluluk Tablosu, Vb Ahmet Günşen ; inceleyiciler : Zeynep Korkmaz, Hamza Zülfikar.
260 ## - YAYIN, DAĞITIM, VB
Yayın, Dağıtım, Vb Yeri Ankara :
Yayıncı, Dağıtıcı, Vs Adı Atatürk Kültür, Dil ve Tarih Yüksek Kurumu Türk Dil Kurumu,
Yayın, Dağıtım, Vb Tarihi 2019.
300 ## - FİZİKSEL TANIM
Kapsam xxiv, 505 sayfa ;
Boyutlar 24 cm.
490 0# - SERİSİ TABLOSU
Seri Beyanı Atatürk Kültür, Dil ve Tarih Yüksek Kurumu Türk Dil Kurumu yayınları ;
Hacim / Ardışık Tanımı 745.
650 #0 - KONU KATMA GİRİŞ - TOPİKAL DÖNEM
9 (RLIN) 7753
Topikal Süreli Veya Coğrafi Ad Giriş Elemanı Ağızlar
Coğrafi Alt Bölümü Kırşehir
856 ## - ELEKTRONİK YER VE ERİŞİM
Kamu Notu Dijital Nüshası için Partimizin Kütüphane Sorumlusu ile iletişime geçiniz.
942 ## - EKLENDİ GİRİŞ ELEMANLARI (KOHA)
Sınıflandırma Veya Raf Düzeni Kaynak Dewey Decimal Classification
Koha Öğesi Türü Books
Holdings
Kalıcı Konum Mevcut Konum Edinme Tarihi Toplam Check-Out'Lar Tam Çağrı Numarası Barkod Tarih Son Görülme İtibaren Geçerli Fiyatlar Koha Öğesi Türü
CHP Kütüphanesi CHP Kütüphanesi 03/20/2024   417.4 G95k 2019 21596 03/20/2024 03/20/2024 Books